| 000 | 00878cam a22003137a 4500 | ||
|---|---|---|---|
| 001 | 000024836 | ||
| 003 | CHAP | ||
| 005 | 20220329134647.0 | ||
| 008 | 971013s1974 r 00010 d | ||
| 010 | _a23790 | ||
| 011 | _a24762 | ||
| 035 | _a28861 | ||
| 040 | _cCHAP | ||
| 090 | _aFolleto 1702 | ||
| 110 | 1 | 0 |
_aComisión Nacional de Fruticultura. México _925772 |
| 245 | 1 | 3 | _aEl guanábano. |
| 260 |
_aMéxico : _bCONAFRUT, _c1974. |
||
| 300 | _a4 p. | ||
| 590 |
_aBATCH-UPD _b10 _c20130110 _lUCH01 _h1810 |
||
| 590 |
_aBATCH-UPD _b10 _c20130410 _lUCH01 _h1145 |
||
| 590 |
_aBATCH-UPD _b10 _c20130914 _lUCH01 _h1554 |
||
| 590 |
_aCONVERSION _b10 _c20130109 _lUCH01 _h1314 |
||
| 590 |
_aE5995AHE _b05 _c20150113 _lUCH01 _h0926 |
||
| 650 | 1 | 4 |
_aGuanábana. _950993 |
| 901 | _aBK | ||
| 942 | _cFOLL | ||
| 942 | _n0 | ||
| 949 |
_aFolleto 1702 _bBC _cFOLL _d-66656 _eTS1 _i28861 _mD _si |
||
| 999 |
_c23790 _d23790 |
||